| 000 | 00505nam a22001817a 4500 | ||
|---|---|---|---|
| 003 | OSt | ||
| 005 | 20260629122737.0 | ||
| 008 | 260629b |||||||| |||| 00| 0 eng d | ||
| 020 | _a978-0-2-5-45619-2 | ||
| 040 | _cChuka University Library | ||
| 050 | _aLB 1025.3 .K76 2008 | ||
| 100 |
_aKronowitz L. Ellen _931497 |
||
| 245 | _aThe Teachers Guide to Success | ||
| 260 |
_aUSA _bPearson _c2008 |
||
| 300 |
_axiv, 402P _bPreface, Illustrations and Index |
||
| 650 |
_aTeaching _99404 |
||
| 942 |
_2lcc _cBK _n0 |
||
| 999 |
_c25357 _d25357 |
||